00622nam a22001937a 4500010001400000020002600014035001300040037001300053082001400066100001600080245005700096260005800153270007300211300002500284500001900309650002600328650003400354650004000388 aENG-97490 a9788184350234c675.00 aEN-81023 bDBAD/PUB a307.14068 aB. K. Singh aPRA/PLA and participating training /cby B. K. Singh aNew DelhibAdhyayan Publishers and Distributorsc2008 a4378/4B, JMD House Murali Lal Street, Ansari RoadbNew Delhie110002 avi, 249p.c22cm (Hb) aIncludes index aCommunity development aParticipatory rural appraisal aRural development personal training